ہند وستانی خواتین کی اردو ساءینسی خدمات / (Record no. 197336)
[ view plain ]
| 000 -LEADER | |
|---|---|
| fixed length control field | 00720nam a22001937a 4500 |
| 005 - DATE AND TIME OF LATEST TRANSACTION | |
| control field | 20230822110956.0 |
| 010 ## - LCCN (DPL NO) | |
| LC control number | UR-12145 |
| 020 ## - INTERNATIONAL STANDARD BOOK NUMBER | |
| International Standard Book Number | 9789395400282 |
| Terms of availability | 250.00 |
| 035 ## - SYSTEM CONTROL NUMBER | |
| System control number | U-10700 |
| 037 ## - SOURCE OF ACQUISITION | |
| Source of stock number/acquisition | DBAD/PUB |
| 082 ## - DEWEY DECIMAL CLASSIFICATION NUMBER | |
| Classification number | 844 |
| 100 ## - MAIN ENTRY--PERSONAL NAME | |
| Personal name | عبد الو دود انصا ری |
| 245 ## - TITLE STATEMENT | |
| Title | ہند وستانی خواتین کی اردو ساءینسی خدمات / |
| Statement of responsibility, etc | عبد الو دود انصا ری |
| 246 ## - VARYING FORM OF TITLE | |
| Title proper/short title | Hindustani khawatin ki urdu sciency khidmaat / |
| Remainder of title | by Abdul Wadood Ansari |
| 260 ## - PUBLICATION, DISTRIBUTION, ETC. (IMPRINT) | |
| Place of publication, distribution, etc | New Delhi |
| Name of publisher, distributor, etc | Educational Publishing House |
| Date of publication, distribution, etc | 2022 ء |
| 270 ## - ADDRESS | |
| Address | H.O. D1/16, Ansari Road, Darya Ganj |
| City | New Delhi |
| Postal code | 110002 |
| 300 ## - PHYSICAL DESCRIPTION | |
| Extent | 116 ص |
| Dimensions | 23cm(Hb) |
| 942 ## - ADDED ENTRY ELEMENTS (KOHA) | |
| Source of classification or shelving scheme | Dewey Decimal Classification |
| Item type | Urdu Bks |
| Call number suffix | ع ب د |
| Edition | |
| Classification part | 844 |
| Withdrawn status | Lost status | Not for loan | Collection code | Home library | Current library | Date acquired | Source of acquisition | Cost, normal purchase price | Full call number | Barcode | Copy number | Cost, replacement price | Koha item type |
|---|---|---|---|---|---|---|---|---|---|---|---|---|---|
| Non-fiction | Kadipur | Kadipur | 22/08/2023 | DBAD/PUB | 250.00 | 844 ع ب د | U-10700 | 1 | 250.00 | Urdu Bks |
